[Event "BIH-chT 12th"]
[Site "Sarajevo"]
[Date "2013.06.21"]
[Round "7.5"]
[White "Mehmedovic, Mirza"]
[Black "Nikolic, Predrag"]
[Result "0-1"]
[WhiteElo "2225"]
[BlackElo "2612"]
[PlyCount "56"]
[EventDate "2013.06.15"]
[EventType "team-tourn"]
[EventRounds "9"]
[EventCountry "BIH"]
[SourceTitle "CBM 155 Extra"]
[Source "ChessBase"]
[SourceDate "2013.08.26"]
[SourceVersion "1"]
[SourceVersionDate "2013.08.26"]
[SourceQuality "1"]
[WhiteTeam "Sarajevo Zeljeznicar"]
[BlackTeam "Sarajevo Bosna"]
[WhiteTeamCountry "BIH"]
[BlackTeamCountry "BIH"]

1. e4 e6 2. d4 d5 3. Nd2 Be7 4. Ngf3 c5 5. Bd3 cxd4 6. Nxd4 Nf6 7. 0-0 Qb6 8. N4f3 Nc6 9. c3 Qc7 10. Qe2 0-0 11. Re1 dxe4 12. Nxe4 Nd5 13. Bc2 h6 14. a3 Rd8 15. Ng3 a5 16. Nh5 a4 17. c4 Nf6 18. Nxf6+ Bxf6 19. Qe4 g6 20. Rb1 Bg7 21. Be3 f5 22. Qh4 g5 23. Qh5 g4 24. Nh4 Qf7 25. Qxf7+ Kxf7 26. f4 Nd4 27. Bd1 Bd7 28. Kf1 Bc6 0-1

[Event "BIH-chT1A"]
[Site "Neum"]
[Date "2012.08.29"]
[Round "7.3"]
[White "Strinic, Halid"]
[Black "Mehmedovic, Mirza"]
[Result "0-1"]
[WhiteElo "2120"]
[BlackElo "2219"]
[PlyCount "64"]
[EventDate "2012.08.25"]
[EventType "team-tourn"]
[EventRounds "9"]
[EventCountry "BIH"]
[SourceTitle "CBM 150 Extra"]
[Source "ChessBase"]
[SourceDate "2012.10.19"]
[SourceVersion "1"]
[SourceVersionDate "2012.10.19"]
[SourceQuality "1"]

1. e4 c6 2. d4 g6 3. c4 Bg7 4. Nc3 d6 5. Nf3 Bg4 6. Be3 Nf6 7. Be2 Bxf3 8. Bxf3 0-0 9. Qd2 e6 10. g4 Nbd7 11. h4 c5 12. g5 Ne8 13. Be2 a6 14. d5 Qe7 15. h5 Nc7 16. hxg6 fxg6 17. Rh3 Rf7 18. 0-0-0 Bxc3 19. Qxc3 b5 20. Qd2 e5 21. Qa5 Nf8 22. Qb6 bxc4 23. Qb7 Qd8 24. Qb6 Rb8 25. Qc6 Nb5 26. Bxc4 Rb6 27. Bxc5 Rxc6 28. dxc6 Qc8 29. Bxf7+ Kxf7 30. Rf3+ Ke7 31. Rxf8 Kxf8 32. Bxd6+ Nxd6 0-1

[Event "BIH-chT1"]
[Site "Tuzla"]
[Date "2010.07.21"]
[Round "5"]
[White "Komadaric, Edin"]
[Black "Mehmedovic, Mirza"]
[Result "1-0"]
[WhiteElo "2155"]
[BlackElo "2240"]
[PlyCount "83"]
[EventDate "2010.07.18"]
[EventType "team-swiss"]
[EventRounds "9"]
[EventCountry "BIH"]
[SourceTitle "CBM 137 Extra"]
[Source "ChessBase"]
[SourceDate "2010.09.01"]
[SourceVersion "1"]
[SourceVersionDate "2010.09.01"]
[SourceQuality "1"]

1. e4 c6 2. d4 g6 3. c3 d5 4. exd5 cxd5 5. Bd3 Bg7 6. Nf3 Nh6 7. 0-0 0-0 8. h3 Nc6 9. Re1 Nf5 10. Bf4 Re8 11. Nbd2 Nd6 12. Qb3 e6 13. Nf1 b6 14. Ne3 Bb7 15. Ng4 Na5 16. Qc2 Nf5 17. Qe2 f6 18. b4 Nc4 19. a4 a6 20. Bxc4 dxc4 21. Nd2 Qd5 22. f3 h5 23. Ne3 Nxe3 24. Bxe3 Rac8 25. Ne4 Kf7 26. a5 b5 27. Rad1 Rcd8 28. Qf2 Bf8 29. Qg3 Be7 30. Bf4 Qf5 31. Bd6 Bxe4 32. Bxe7 Rxe7 33. fxe4 Qg5 34. Qxg5 fxg5 35. Rf1+ Kg7 36. e5 g4 37. hxg4 hxg4 38. Kh2 Kh6 39. Kg3 Kg5 40. Rf4 Kh6 41. Kxg4 Kh7 42. Rh1+ 1-0

[Event "BIH CFFBH-chT1"]
[Site "Cazin"]
[Date "2009.06.29"]
[Round "4"]
[White "Mehmedovic, Mirza"]
[Black "Kahrovic, Mersid"]
[Result "1-0"]
[WhiteElo "2257"]
[BlackElo "2285"]
[PlyCount "28"]
[EventDate "2009.06.27"]
[EventType "team-tourn"]
[EventRounds "9"]
[EventCountry "BIH"]
[SourceTitle "EXT 2019"]
[Source "ChessBase"]
[SourceDate "2018.10.10"]
[SourceVersion "1"]
[SourceVersionDate "2018.10.10"]
[SourceQuality "1"]

1. e4 d6 2. d4 Nf6 3. Nc3 e6 4. Nf3 Be7 5. h3 a6 6. Bc4 c6 7. Qe2 h6 8. Be3 Qc7 9. Bd3 Nbd7 10. 0-0 b6 11. Rfe1 e5 12. Red1 Bb7 13. a4 g5 14. dxe5 dxe5 1-0

[Event "BIH-chT 2nd"]
[Site "Jahorina"]
[Date "2003.06.26"]
[Round "8"]
[White "Benderac, Srdjan"]
[Black "Mehmedovic, Mirza"]
[Result "1-0"]
[WhiteElo "2356"]
[BlackElo "2262"]
[PlyCount "79"]
[EventDate "2003.06.21"]
[EventType "team-tourn"]
[EventRounds "9"]
[EventCountry "BIH"]
[SourceTitle "EXT 2019"]
[Source "ChessBase"]
[SourceDate "2018.10.10"]
[SourceVersion "1"]
[SourceVersionDate "2018.10.10"]
[SourceQuality "1"]
[WhiteTeam "Sokolac Glasinac"]
[BlackTeam "Bugojno Napredak"]
[WhiteTeamCountry "BIH"]
[BlackTeamCountry "BIH"]

1. e4 g6 2. d4 c6 3. Nc3 d5 4. h3 Bg7 5. Nf3 Nh6 6. Bf4 f6 7. Bd3 Nf7 8. Bg3 0-0 9. e5 c5 10. exf6 Bxf6 11. Be2 cxd4 12. Nxd4 e5 13. Nb3 d4 14. Ne4 Bg7 15. 0-0 Bf5 16. Bd3 Nc6 17. a3 Rc8 18. Qe2 b6 19. Nbd2 Re8 20. Rae1 Bh6 21. Qd1 Na5 22. Kh1 Be6 23. f4 exf4 24. Bxf4 Bg7 25. Ba6 Qd5 26. Bxc8 Rxc8 27. Bh2 Bf5 28. Qf3 Qc6 29. c3 dxc3 30. Nxc3 Qd7 31. Nd5 Be6 32. Nf6+ Bxf6 33. Qxf6 Bd5 34. Ne4 Qb7 35. Be5 Nxe5 36. Qxe5 Bxe4 37. Rxe4 Qc6 38. Qe7 Qb7 39. Qe6+ Kg7 40. Ref4 1-0

[Event "BIH-chT 2nd"]
[Site "Jahorina"]
[Date "2003.06.25"]
[Round "7"]
[White "Mehmedovic, Mirza"]
[Black "Glavas, Dragan"]
[Result "0-1"]
[WhiteElo "2262"]
[BlackElo "2221"]
[PlyCount "96"]
[EventDate "2003.06.21"]
[EventType "team-tourn"]
[EventRounds "9"]
[EventCountry "BIH"]
[SourceTitle "EXT 2019"]
[Source "ChessBase"]
[SourceDate "2018.10.10"]
[SourceVersion "1"]
[SourceVersionDate "2018.10.10"]
[SourceQuality "1"]
[WhiteTeam "Bugojno Napredak"]
[BlackTeam "Sarajevo Napredak"]
[WhiteTeamCountry "BIH"]
[BlackTeamCountry "BIH"]

1. e4 e6 2. d4 d5 3. Nc3 Bb4 4. e5 c5 5. a3 Bxc3+ 6. bxc3 Ne7 7. Qg4 Qc7 8. Bd3 c4 9. Be2 0-0 10. Nh3 f6 11. f4 Qa5 12. Bd2 Nbc6 13. Ng1 Nf5 14. Qh3 Qb6 15. g4 Nfe7 16. Bc1 Ng6 17. Qg3 fxe5 18. fxe5 Nxd4 19. cxd4 Qxd4 20. Rb1 Qe4 21. h4 Qxh1 22. h5 Qh4 23. Qxh4 Nxh4 24. h6 Ng2+ 25. Kd1 Nf4 26. hxg7 Kxg7 27. Be3 b6 28. Nf3 Bd7 29. Nd4 Rf7 30. Kd2 Rc8 31. c3 Nxe2 32. Kxe2 Rc5 33. Rh1 Ra5 34. Bc1 b5 35. g5 Ra6 36. Rh4 Rb6 37. Be3 Rb8 38. Nf3 a5 39. Nh2 b4 40. cxb4 axb4 41. axb4 Rxb4 42. g6 Rb2+ 43. Ke1 hxg6 44. Bh6+ Kg8 45. Ng4 c3 46. Bg5 Rb1+ 47. Ke2 Bb5+ 48. Ke3 c2 0-1

[Event "BIH-chT 2nd"]
[Site "Jahorina"]
[Date "2003.06.24"]
[Round "5"]
[White "Mehmedovic, Mirza"]
[Black "Puric, Nenad"]
[Result "1-0"]
[WhiteElo "2262"]
[BlackElo "2319"]
[PlyCount "109"]
[EventDate "2003.06.21"]
[EventType "team-tourn"]
[EventRounds "9"]
[EventCountry "BIH"]
[SourceTitle "EXT 2019"]
[Source "ChessBase"]
[SourceDate "2018.10.10"]
[SourceVersion "1"]
[SourceVersionDate "2018.10.10"]
[SourceQuality "1"]
[WhiteTeam "Bugojno Napredak"]
[BlackTeam "Bijeljina SK Panteri"]
[WhiteTeamCountry "BIH"]
[BlackTeamCountry "BIH"]

1. e4 e5 2. Nf3 Nc6 3. d4 exd4 4. Nxd4 Nf6 5. Nc3 d6 6. Be2 Be7 7. 0-0 0-0 8. f4 Bd7 9. Bf3 Nxd4 10. Qxd4 Bc6 11. Be3 Nd7 12. Nd5 Bf6 13. Nxf6+ Qxf6 14. Qxf6 Nxf6 15. e5 dxe5 16. Bxc6 bxc6 17. fxe5 Nd7 18. Bf4 Nc5 19. Rad1 Rfd8 20. Be3 Ne6 21. c4 a6 22. Kf2 Kf8 23. Kf3 Ke8 24. Ke4 Rab8 25. Rxd8+ Rxd8 26. b4 Rd7 27. Rb1 Rd8 28. Rb3 Rb8 29. Kd3 Kd7 30. Kc3 Kc8 31. Rb1 Kd7 32. a4 h6 33. Rd1+ Ke7 34. h4 h5 35. Rf1 Rg8 36. Rf5 g6 37. Rf6 Rd8 38. Bg5 Rh8 39. Rxg6+ Kf8 40. Rh6 Rxh6 41. Bxh6+ Ke7 42. Bg5+ Kd7 43. a5 Kc8 44. Be3 Nf8 45. g3 Nd7 46. Bf4 Kd8 47. Bg5+ Kc8 48. Kd4 c5+ 49. bxc5 Nb8 50. g4 Kd7 51. gxh5 Ke6 52. Bf6 Kf5 53. Kd5 Nd7 54. Bg7 f6 55. e6 1-0

[Event "BIH-chT 2nd"]
[Site "Jahorina"]
[Date "2003.06.22"]
[Round "2"]
[White "Fercec, Nenad"]
[Black "Mehmedovic, Mirza"]
[Result "1-0"]
[WhiteElo "2442"]
[BlackElo "2262"]
[PlyCount "41"]
[EventDate "2003.06.21"]
[EventType "team-tourn"]
[EventRounds "9"]
[EventCountry "BIH"]
[SourceTitle "EXT 2019"]
[Source "ChessBase"]
[SourceDate "2018.10.10"]
[SourceVersion "1"]
[SourceVersionDate "2018.10.10"]
[SourceQuality "1"]
[WhiteTeam "Bihac"]
[BlackTeam "Bugojno Napredak"]
[WhiteTeamCountry "BIH"]
[BlackTeamCountry "BIH"]

1. e4 g6 2. d4 Bg7 3. Nc3 d6 4. Bg5 c6 5. Qd2 Qa5 6. f4 Nd7 7. Nf3 Qc7 8. 0-0-0 b5 9. e5 d5 10. g4 Nb6 11. Rg1 b4 12. Nb1 a5 13. f5 Bd7 14. e6 fxe6 15. Bf4 Qc8 16. fxg6 Nf6 17. Bh6 Ne4 18. Bxg7 Nxd2 19. Nbxd2 Rf8 20. gxh7 Kf7 21. Be5 1-0

[Event "BIH-chT 2nd"]
[Site "Jahorina"]
[Date "2003.06.22"]
[Round "3"]
[White "Mehmedovic, Mirza"]
[Black "Cabrilo, Goran"]
[Result "0-1"]
[WhiteElo "2262"]
[BlackElo "2469"]
[PlyCount "132"]
[EventDate "2003.06.21"]
[EventType "team-tourn"]
[EventRounds "9"]
[EventCountry "BIH"]
[SourceTitle "EXT 2019"]
[Source "ChessBase"]
[SourceDate "2018.10.10"]
[SourceVersion "1"]
[SourceVersionDate "2018.10.10"]
[SourceQuality "1"]
[WhiteTeam "Bugojno Napredak"]
[BlackTeam "Kiseljak"]
[WhiteTeamCountry "BIH"]
[BlackTeamCountry "BIH"]

1. e4 c5 2. c3 e6 3. d4 d5 4. exd5 exd5 5. Nf3 Nc6 6. Bb5 Bd6 7. 0-0 Nge7 8. dxc5 Bxc5 9. Nbd2 0-0 10. Nb3 Bb6 11. Nfd4 a6 12. Be2 Nf5 13. Nxf5 Bxf5 14. Bf4 Re8 15. Qd2 Be4 16. Rfe1 Qf6 17. Bf1 Qg6 18. Kh1 Rad8 19. f3 Bxf3 20. Bg5 Rxe1 21. Rxe1 f6 22. Be3 Bxe3 23. Qxe3 Be4 24. Nc5 Re8 25. Qf2 Re7 26. h3 h6 27. b4 f5 28. Qh4 Qd6 29. Rd1 Qe5 30. Rc1 Kh7 31. Qf2 Qf6 32. a3 Ne5 33. Nb3 Qg5 34. Re1 Nc4 35. a4 f4 36. h4 Qg6 37. Kg1 Ne3 38. Nd4 Rf7 39. Nf3 Qf6 40. Nd4 Ng4 41. Qd2 Qxh4 42. Nf3 Bxf3 43. gxf3 Qg3+ 44. Bg2 Qh2+ 45. Kf1 Ne3+ 46. Rxe3 fxe3 47. Qxe3 Qf4 48. Qd3+ Kg8 49. a5 Qc4 50. Qxc4 dxc4 51. Ke2 Kf8 52. Ke3 Ke7 53. Bf1 Kd6 54. Bxc4 Rc7 55. Kd4 h5 56. Bf1 Rf7 57. Ke3 g5 58. Bh3 Ke5 59. c4 Rc7 60. Bf1 Rd7 61. b5 Rd1 62. Bh3 Ra1 63. b6 Rxa5 64. Bc8 Ra3+ 65. Kf2 Kd4 66. Bxb7 Kc5 0-1

[Event "BIH-chT"]
[Site "Neum"]
[Date "2002.06.05"]
[Round "6.5"]
[White "Mehmedovic, Mirza"]
[Black "Brkic, Ante"]
[Result "1-0"]
[WhiteElo "2259"]
[BlackElo "2306"]
[PlyCount "91"]
[EventDate "2002.06.02"]
[EventType "team"]
[EventRounds "9"]
[EventCountry "BIH"]
[SourceTitle "CBM 090"]
[Source "ChessBase"]
[SourceDate "2002.09.20"]
[SourceVersion "1"]
[SourceVersionDate "2002.09.20"]
[SourceQuality "1"]
[WhiteTeam "Bugojno"]
[BlackTeam "Brijeg"]
[WhiteTeamCountry "BIH"]
[BlackTeamCountry "BIH"]

1. e4 c5 2. c3 d5 3. exd5 Qxd5 4. Nf3 Nf6 5. Na3 Nc6 6. Qa4 Qe4+ 7. Qxe4 Nxe4 8. d4 cxd4 9. Nb5 Rb8 10. Bf4 Nd6 11. Nbxd4 Bg4 12. Nxc6 bxc6 13. Ne5 Be6 14. b3 Rc8 15. Ba6 Rc7 16. 0-0-0 g5 17. Bg3 f5 18. f3 Bg7 19. Rhe1 f4 20. Bf2 0-0 21. Bd3 Bf5 22. c4 Bxd3 23. Nxd3 Rf5 24. Nc5 Bf6 25. Kc2 Kf7 26. a4 Re5 27. Rxe5 Bxe5 28. Nd3 Bf6 29. Bc5 Nf5 30. Re1 Rd7 31. Bf2 Nd6 32. Ne5+ Bxe5 33. Rxe5 h6 34. Ra5 Nc8 35. Ra6 Rc7 36. Bd4 Ke6 37. b4 Kd7 38. Kc3 Rb7 39. b5 Rc7 40. Kb4 cxb5 41. axb5 e6 42. Be5 Rb7 43. c5 Ke7 44. c6 Rb6 45. Ra2 h5 46. Bc7 1-0

[Event "BIH-chT"]
[Site "Neum"]
[Date "2002.06.05"]
[Round "5.4"]
[White "Mehmedovic, Mirza"]
[Black "Burovic, Ismet"]
[Result "0-1"]
[WhiteElo "2259"]
[BlackElo "2372"]
[PlyCount "92"]
[EventDate "2002.06.02"]
[EventType "team"]
[EventRounds "9"]
[EventCountry "BIH"]
[SourceTitle "CBM 090"]
[Source "ChessBase"]
[SourceDate "2002.09.20"]
[SourceVersion "1"]
[SourceVersionDate "2002.09.20"]
[SourceQuality "1"]
[WhiteTeam "Bugojno"]
[BlackTeam "Sarajevo"]
[WhiteTeamCountry "BIH"]
[BlackTeamCountry "BIH"]

1. e4 c6 2. d4 d5 3. Nc3 dxe4 4. Nxe4 Bf5 5. Ng3 Bg6 6. h4 h6 7. Nh3 e6 8. Nf4 Bh7 9. Bc4 Nf6 10. c3 Nbd7 11. Qe2 Qe7 12. 0-0 Nd5 13. Re1 Nxf4 14. Bxf4 0-0-0 15. b4 Qxh4 16. Qf3 Nb6 17. Bb3 Nd5 18. Bd2 Qf6 19. Qe2 Nf4 20. Qg4 g5 21. Ne4 Bxe4 22. Rxe4 Bd6 23. Bxf4 gxf4 24. Qf3 Rhg8 25. Kf1 Rg5 26. Ke2 Qg6 27. Rh1 Rxg2 28. b5 cxb5 29. a4 bxa4 30. Bxa4 f5 31. Bc2 Rg5 32. Rb1 Rd7 33. Rxf4 Bxf4 34. Qxf4 Qf6 35. Rb5 Rc7 36. Bb3 Rg4 37. Qf3 Re4+ 38. Kd3 a6 39. Rb4 e5 40. Qh5 exd4 41. Bd5 Rxc3+ 42. Kd2 Re7 43. f4 Kb8 44. Qh1 Qd6 45. Rxd4 Qa3 46. Qb1 Rce3 0-1

[Event "BIH-chT"]
[Site "Bihac"]
[Date "1999.08.29"]
[Round "9"]
[White "Mehmedovic, Mirza"]
[Black "Zerdo, Mirza"]
[Result "0-1"]
[WhiteElo "2285"]
[BlackElo "2156"]
[PlyCount "88"]
[EventDate "1999.08.21"]
[EventType "team"]
[EventRounds "9"]
[EventCountry "BIH"]
[SourceTitle "EXT 2000"]
[Source "ChessBase"]
[SourceDate "1999.11.16"]
[SourceVersion "1"]
[SourceVersionDate "1999.11.16"]
[SourceQuality "1"]

1. e4 e5 2. Nf3 Nc6 3. d4 exd4 4. Nxd4 Nf6 5. Nc3 Bb4 6. Nxc6 bxc6 7. Bd3 d5 8. exd5 cxd5 9. Qe2+ Qe7 10. Qxe7+ Kxe7 11. 0-0 c6 12. Bf4 Bd6 13. Rae1+ Be6 14. Bd2 Rhe8 15. h3 Rab8 16. b3 Kf8 17. f4 h6 18. g4 Bd7 19. Kg2 Rxe1 20. Rxe1 c5 21. g5 Nh5 22. gxh6 gxh6 23. Nxd5 Bc6 24. Be4 Re8 25. Nc3 Rxe4 26. Nxe4 f5 27. Kg1 Bxe4 28. Rf1 Bxc2 29. Rc1 Be4 30. Rc4 Nxf4 31. Ra4 Nxh3+ 32. Kf1 a6 33. Bxh6+ Ke7 34. Ke2 Bb7 35. Rh4 Ng1+ 36. Ke3 Nf3 37. Rh5 Nd4 38. Bg5+ Ke6 39. Rh6+ Kd5 40. Kd3 Bc6 41. Kc3 Ne6 42. Be3 Be5+ 43. Kd2 f4 44. Bf2 Ng5 0-1

[Event "YUG-chT 33rd"]
[Site "Arandjelovac"]
[Date "1981.08.26"]
[Round "9.6"]
[White "Mehmedovic, Mirza"]
[Black "Ljubisavljevic, Zivojin Z"]
[Result "1/2-1/2"]
[WhiteElo "2295"]
[BlackElo "2320"]
[PlyCount "107"]
[EventDate "1981.08.16"]
[EventType "team"]
[EventRounds "9"]
[EventCountry "SRB"]
[SourceTitle "EXT 2021"]
[Source "ChessBase"]
[SourceDate "2020.10.23"]
[SourceVersion "1"]
[SourceVersionDate "2020.10.23"]
[SourceQuality "1"]
[WhiteTeam "Sarajevo SK"]
[BlackTeam "Smederevska Palanka Gosa"]
[WhiteTeamCountry "YUG"]
[BlackTeamCountry "YUG"]

1. e4 c5 2. Nf3 d6 3. Bb5+ Bd7 4. Bxd7+ Nxd7 5. 0-0 g6 6. c3 Ngf6 7. Re1 Bg7 8. d4 cxd4 9. cxd4 0-0 10. Nc3 Nb6 11. Qe2 e6 12. h3 h6 13. a4 a6 14. Bf4 d5 15. e5 Nfd7 16. b3 Rc8 17. Bd2 Nb8 18. Na2 Nc6 19. Nb4 Re8 20. Rec1 Na5 21. Qd1 Rxc1 22. Rxc1 Nd7 23. Nd3 Bf8 24. Qc2 Nc6 25. b4 Qb6 26. Nc5 Nxc5 27. bxc5 Qc7 28. Rb1 Re7 29. Rb6 Rd7 30. Qb1 g5 31. Qd3 Qd8 32. g4 Bg7 33. h4 gxh4 34. g5 Qf8 35. Qb1 hxg5 36. Nxg5 f5 37. Rxb7 Qe7 38. Rxd7 Qxd7 39. Nf3 Qe8 40. Qf1 Qh5 41. Qg2 Qg4 42. Be3 Qh5 43. Ng5 Qg6 44. Nf3 Qh5 45. Kh2 Kf8 46. Qh3 Kf7 47. Qg2 Bh6 48. Kh3 f4 49. Bd2 Qf5+ 50. Kh2 Qd3 51. Qh3 Qe4 52. Bc3 Qc2 53. Kg2 Qg6+ 54. Kh2 1/2-1/2

[Event "YUG-chT 33rd"]
[Site "Arandjelovac"]
[Date "1981.08.19"]
[Round "4.6"]
[White "Vujakovic, Branko"]
[Black "Mehmedovic, Mirza"]
[Result "1-0"]
[WhiteElo "2285"]
[BlackElo "2295"]
[PlyCount "82"]
[EventDate "1981.08.16"]
[EventType "team"]
[EventRounds "9"]
[EventCountry "SRB"]
[SourceTitle "EXT 2021"]
[Source "ChessBase"]
[SourceDate "2020.10.23"]
[SourceVersion "1"]
[SourceVersionDate "2020.10.23"]
[SourceQuality "1"]
[WhiteTeam "Zagreb Monting"]
[BlackTeam "Sarajevo SK"]
[WhiteTeamCountry "YUG"]
[BlackTeamCountry "YUG"]

1. e4 e5 2. Nf3 Nf6 3. Nxe5 Nxe4 4. Qe2 Qe7 5. Qxe4 d6 6. d4 dxe5 7. dxe5 Nc6 8. Nc3 Qb4 9. Bc4 Be6 10. Bxe6 fxe6 11. 0-0 Qxe4 12. Nxe4 Nxe5 13. Bf4 Nf7 14. Bxc7 Rc8 15. Bg3 Rxc2 16. Rab1 Rc4 17. Rfe1 Bb4 18. Rbc1 Rd4 19. Re2 0-0 20. f3 Rfd8 21. h4 Rd1+ 22. Rxd1 Rxd1+ 23. Kh2 Rc1 24. a3 Ba5 25. Bf2 Bc7+ 26. g3 a6 27. Nc5 Ne5 28. Nxe6 Bd6 29. Kg2 h6 30. Bd4 Nd3 31. Bxg7 h5 32. Bd4 Rd1 33. Bc3 b5 34. Ng5 a5 35. Bxa5 Be5 36. Bc3 Bxc3 37. bxc3 Rc1 38. Ne4 Ra1 39. Rd2 Ne5 40. Rd5 Ra2+ 41. Nf2 Nc4 1-0

[Event "YUG-chT 33rd"]
[Site "Arandjelovac"]
[Date "1981.08.18"]
[Round "3.6"]
[White "Mehmedovic, Mirza"]
[Black "Damljanovic, Branko"]
[Result "0-1"]
[WhiteElo "2295"]
[BlackElo "2320"]
[PlyCount "98"]
[EventDate "1981.08.16"]
[EventType "team"]
[EventRounds "9"]
[EventCountry "SRB"]
[SourceTitle "EXT 2021"]
[Source "ChessBase"]
[SourceDate "2020.10.23"]
[SourceVersion "1"]
[SourceVersionDate "2020.10.23"]
[SourceQuality "1"]
[WhiteTeam "Sarajevo SK"]
[BlackTeam "Belgrade Crvena Zvezda"]
[WhiteTeamCountry "YUG"]
[BlackTeamCountry "YUG"]

1. e4 c5 2. Nf3 d6 3. Bb5+ Nc6 4. 0-0 Bd7 5. c3 Nf6 6. Re1 a6 7. Bxc6 Bxc6 8. d4 cxd4 9. cxd4 Bxe4 10. Bg5 d5 11. Nc3 e6 12. Bxf6 gxf6 13. Nxe4 dxe4 14. Rxe4 Qd5 15. Qc2 Bd6 16. Re3 Kf8 17. Qb3 Qxb3 18. Rxb3 b5 19. d5 Rc8 20. Rd1 Ke7 21. Rbd3 e5 22. Nh4 Rc2 23. Nf5+ Kd7 24. Nxd6 Kxd6 25. Rf3 Ke7 26. Ra3 Rd8 27. g3 Rd6 28. Rb3 f5 29. h3 Kf6 30. Rb4 h5 31. Rb3 e4 32. h4 Ke5 33. Kf1 Rxd5 34. Rxd5+ Kxd5 35. Ra3 Rc6 36. Ke1 Kd4 37. Rb3 Rc1+ 38. Ke2 Rc2+ 39. Ke1 Kc5 40. Kf1 a5 41. a3 b4 42. axb4+ axb4 43. f3 Kc4 44. Re3 Rxb2 45. fxe4 Kd4 46. Rf3 Kxe4 47. Rf4+ Ke5 48. Kg1 b3 49. Rb4 Kd5 0-1